Human geography : (Record no. 136764)

MARC details
000 -LEADER
fixed length control field 00791nam a2200265 a 4500
008 - FIXED-LENGTH DATA ELEMENTS--GENERAL INFORMATION
fixed length control field
020 ## - INTERNATIONAL STANDARD BOOK NUMBER
International Standard Book Number 0073051519 (hbk.)
049 ## - LOCAL HOLDINGS (OCLC)
Holding library MAIN
090 ## - LOCALLY ASSIGNED LC-TYPE CALL NUMBER (OCLC); LOCAL CALL NUMBER (RLIN)
Classification number (OCLC) (R) ; Classification number, CALL (RLIN) (NR) GF41
Local cutter number (OCLC) ; Book number/undivided call number, CALL (RLIN) FEL
003 - CONTROL NUMBER IDENTIFIER
control field
005 - DATE AND TIME OF LATEST TRANSACTION
control field 20230123125147.0
040 ## - CATALOGING SOURCE
Transcribing agency NUST
100 1# - MAIN ENTRY--PERSONAL NAME
Personal name Fellmann, Jerome D.
245 10 - TITLE STATEMENT
Title Human geography :
Remainder of title landscapes of human activities /
Statement of responsibility, etc. Jerome D. Fellmann, Arthur Getis and Judith Getis.
260 ## - PUBLICATION, DISTRIBUTION, ETC.
Place of publication, distribution, etc. Boston :
Name of publisher, distributor, etc. McGraw-Hill,
Date of publication, distribution, etc. 2008.
300 ## - PHYSICAL DESCRIPTION
Extent 10th ed.
300 ## - PHYSICAL DESCRIPTION
Extent xviii, 516 p. :
Other physical details ill. ;
Dimensions 28cm.
500 ## - GENERAL NOTE
General note Includes index.
500 ## - GENERAL NOTE
General note Includes bibliographical references.
650 #1 - SUBJECT ADDED ENTRY--TOPICAL TERM
Topical term or geographic name entry element Human geography.
700 ## - ADDED ENTRY--PERSONAL NAME
Personal name Getis, Judith.
700 ## - ADDED ENTRY--PERSONAL NAME
Personal name Getis, Arthur.
907 ## - LOCAL DATA ELEMENT G, LDG (RLIN)
a .b10292329
b 12-05-11
c 28-02-11
942 ## - ADDED ENTRY ELEMENTS (KOHA)
Koha item type Ordinary Loan Books
Call number prefix GF41
Call number suffix FEL
Holdings
Date last seen Total Checkouts Full call number Barcode Cost, replacement price Price effective from Koha item type Lost status Source of classification or shelving scheme Damaged status Not for loan Collection Withdrawn status Home library Current library Shelving location Date acquired Cost, normal purchase price
01/23/2023 7 GF41 FEL 92004016231 80.00 01/23/2023 BOOKS   LCC     NFIC   MAIN MAIN GEN 01/23/2023 80.00